Nommez toutes les couleurs que vous connaissez - nommez les couleurs l - Statistiques

Statistiques générales
  • Ce quiz a été pris 214 fois
  • Le résultat moyen est 12 sur 16
Statistiques - réponses
Réponse % Correct
Blanc
98%
Bleu
98%
Jaune
98%
Noir
98%
Rouge
97%
Vert
97%
Or
96%
Violet
96%
Orange
94%
Rose
87%
Gris
83%
Argent
71%
Turquoise
36%
Brun
29%
Lilas
7%
Anthracite
4%
Aucun quiz correspondant
Distribution des résultats
% des personnes avec chaque résultat
Percentile par nombre de réponses
Votre historique - résultats
Vous n’avez pas pris ce quiz